00666nam a22001697a 450000500170000001000250001702000260004203500170006803500130008503700180009824501410011625000580025726000580031527000780037330000270045170000180047820161104152813.0 a1516ENO7 ENG-116434 a9789352034352c460.00 aB-609236-271 aEN-99966 adplbStar/Ven aIAS mains general studies paper 2 : cedited by Priya Goayalbgovernance constitution, polity social justice & international relations / aFull Revised & Updated Editionbedited by Priya Goyal aNew DelhibArihant Publications(India ) Limitedc2015 a4577/15, Agarwal Road, Daryaganj bNew Delhi e110002k011-47630600l-m- a535p.bill.c27cm(pbk) aGoyal, Priya